Loading...

On ethics and economics

Bibliografiske detaljer
Hovedforfatter: Amastya, Sen
Format: Printed Book
Sprog:Undetermined
English
Udgivet: New Delhi Oxford University Press 1990
Fag:
LEADER 00519nam a2200169Ia 4500
008 140306s9999 xx 000 0 und d
041 |a eng 
082 |a 330  |b AMA/ON 
100 |a Amastya, Sen 
245 |a On ethics and economics 
260 |a New Delhi  |b Oxford University Press  |c 1990 
300 |a 131 
365 |b Rs.60 
650 |a Economics 
942 |2 ddc  |c BK 
999 |c 180495  |d 180495 
952 |0 0  |1 0  |2 ddc  |4 0  |6 330_000000000000000_AMA_ON  |7 0  |9 185948  |a KAUCBV  |b KAUCBV  |d 2004-07-02  |g 60.00  |o 330 AMA/ON  |r 2014-03-22  |w 2014-03-22  |y BK